| 000 | 00639cab a22001935a 4500 | ||
|---|---|---|---|
| 001 | L158122 | ||
| 008 | 140709e2014 xxk 000 0 eng d | ||
| 035 | _a(Sirsi) u158122 | ||
| 041 | 0 | _aeng | |
| 100 | 1 | _aIves, Paul | |
| 245 | 0 | 0 |
_aElectronic documents and signatures _hJust click here please... |
| 260 | _c2014 | ||
| 490 |
_aLetting Update Journal _vJuly 2014, 18-22(4) |
||
| 520 | _aFocuses on the development of electronic signatures and the increasing use of electronically transmitted documents for the property letting industry. | ||
| 590 | _aKA | ||
| 651 | 4 |
_aUnited Kingdom _y |
|
| 690 | _aLeasing and letting | ||
| 942 | _n0 | ||
| 999 |
_c84519 _d84519 |
||